LEADER 00914cam0-22003011i-450- 001 990007830560403321 005 20041201155229.0 035 $a000783056 035 $aFED01000783056 035 $a(Aleph)000783056FED01 035 $a000783056 100 $a20031013d1985----km-y0itay50------ba 101 0 $aita 102 $aIT 105 $ay---n---001yy 200 1 $aArte e fisco$eagevolazioni e sgravi fiscali a favore di chi dona, acquista, ristruttura o restaura beni culturali$ein appendice: le leggi sui beni culturali$fAlteo e Silvia Dolcini 210 $aRimini$cMaggioli$d1985 215 $a282 p.$d24 cm 676 $a344.097$b20$zita 700 1$aDolcini,$bAlteo$076415 701 1$aDolcini,$bSilvia$0280384 801 0$aIT$bUNINA$gRICA$2UNIMARC 901 $aBK 912 $a990007830560403321 952 $aH 118$b218$fDSS 959 $aDSS 996 $aArte e fisco$9663488 997 $aUNINA LEADER 01227nam a2200289 i 4500 001 991000918839707536 005 20020502181047.0 008 941117s1994 it 000 0 ita d 020 $a8820482207 035 $ab11436943-39ule_inst 035 $aPRUMB51475$9ExL 040 $aScuola per assistenti sociali$bita 082 0 $a616.85262 100 1 $aMontecchi, Francesco$0224212 245 10$aAnoressia mentale dell'adolescenza :$brilevamento e trattamento medico-psicologico integrato /$cFrancesco Montecchi ; con la collaborazione di A. Ambruzzi ... [et al.] 260 $aMilano :$bF. Angeli,$c1994 300 $a239 p. :$bill. ;$c22 cm 490 0 $aPsicoterapie / Franco Angeli ;$v2 650 4$aAnoressia mentale$xAdolescenza 700 1 $aAmbruzzi, Amalia 907 $a.b11436943$b01-03-17$c01-07-02 912 $a991000918839707536 945 $aLE024 PSC IV 9$g1$i2021000159268$lle021$nex DUSS$o-$pE0.00$q-$rl$s- $t0$u2$v0$w2$x0$y.i11621588$z01-07-02 945 $aLE022 MP 81 L 34$g1$i2022000152778$lle022$o-$pE0.00$q-$rl$s- $t0$u6$v6$w6$x0$y.i11046909$z28-06-02 996 $aAnoressia mentale dell'adolescenza$9818918 997 $aUNISALENTO 998 $ale022$ale021$b01-01-94$cm$da $e-$fita$git $h0$i1